000 00426nam a2200133Ia 4500
008 231129s9999||||xx |||||||||||||| ||spa||
020 _a0-013822569-9
040 _bspa
082 _a001.6424F S745s (EN PROCESO DE DESCARTE)
100 _aSpencer Donald D.
245 0 _aSolucion de problemas con fortran
264 _aBogotá (Colombia): Prentice-Hall International
942 _2ddc
_cBKS
999 _c24805
_d24805